• 首页
  • 本馆介绍
  • 公告通知
  • 最新文献
  • 馆藏检索
  • 电子资源
  • 读者导购
  • 参考咨询
  • 我的图书馆
  • 登录
  • 详细信息显示
  • 放入我的书架
  • 预约/预借图书
  • 作者相关作品
  • 分类相关作品
  • 丛书相关作品
  • 出版社相关作品

书目信息

  • 表格格式
  • 工作单格式
  • 卡片格式
题名:
英语成语词典
    
 
作者: ;厦门大学外语系 编译
分册:  
出版信息: 北京   商务印书馆出版社  
页数: 1898
开本: 24cm
丛书名:
单 册:
中图分类: H002
科图分类:
主题词: 语言学
电子资源:
ISBN: 978-7-100-01725-1
000 00593nam0 2200181 450
001 202410304082816622
005 20241030163219.32
010    @a978-7-100-01725-1@d¥61.60
100    @a20241030d km y0chiy0120 ea
101 0  @achi
200 1  @a英语成语词典@AYing Yu Cheng Yu Ci Dian@f厦门大学外语系编译@FXia Men Da Xue Wai Yu Xi Bian Yi
210    @a北京@c商务印书馆出版社
215    @a1898@d24cm
606 0  @a语言学
690    @aH002@v4
711 02 @a厦门大学外语系@AXia Men Da Xue Wai Yu Xi@4编译
801  0 @aCN@b大连网信软件有限公司图书馆·11@c20241030
905    @aZUCC@b1428476@dH002@e387@f1
    
    英语成语词典/厦门大学外语系编译.-北京:商务印书馆出版社
    1898;24cm
    
    
    ISBN 978-7-100-01725-1:¥61.60
    
●
相关链接 在E读中查询图书 在五车中查询图书 在当当中查询图书 在豆瓣中查询图书


正题名:英语成语词典     索取号:H002/387         预约/预借

序号 登录号 条形码 馆藏地/架位号 状态 备注
1 1428476   214284763   密集书库—外国语学院/ [索取号:H002/387] 在馆    
唐山师范学院图书馆 欢迎您!
大连网信软件有限公司© 版权所有